NHL Top 5 James Norris Every Year 1954-99 - Statistics

General Stats
  • This quiz has been taken 12 times
  • The average score is 117 of 229
Answer Stats
Year Team Player % Correct
1975: 1 Bruins Bobby Orr
100%
1974: 1 Bruins Bobby Orr
100%
1973: 1 Bruins Bobby Orr
100%
1972: 1 Bruins Bobby Orr
100%
1971: 1 Bruins Bobby Orr
100%
1970: 1 Bruins Bobby Orr
100%
1969: 1 Bruins Bobby Orr
100%
1968: 1 Bruins Bobby Orr
100%
1967: 3 Bruins Bobby Orr
100%
1997: 1 Rangers Brian Leetch
100%
1996: 3 Rangers Brian Leetch
100%
1995: 5 Rangers Brian Leetch
100%
1994: 5 Rangers Brian Leetch
100%
1992: 1 Rangers Brian Leetch
100%
1991: 4 Rangers Brian Leetch
100%
1999: 2 Red Wings Nicklas Lidström
100%
1998: 2 Red Wings Nicklas Lidström
100%
1996: 5 Red Wings Paul Coffey
100%
1995: 1 Red Wings Paul Coffey
100%
1991: 5 Penguins Paul Coffey
100%
1990: 4 Penguins Paul Coffey
100%
1989: 2 Penguins Paul Coffey
100%
1987: 5 Oilers Paul Coffey
100%
1986: 1 Oilers Paul Coffey
100%
1985: 1 Oilers Paul Coffey
100%
1984: 2 Oilers Paul Coffey
100%
1983: 5 Oilers Paul Coffey
100%
1982: 3 Oilers Paul Coffey
100%
1999: 3 Bruins Ray Bourque
100%
1996: 2 Bruins Ray Bourque
100%
1995: 3 Bruins Ray Bourque
100%
1994: 1 Bruins Ray Bourque
100%
1993: 2 Bruins Ray Bourque
100%
1992: 2 Bruins Ray Bourque
100%
1991: 1 Bruins Ray Bourque
100%
1990: 1 Bruins Ray Bourque
100%
1989: 4 Bruins Ray Bourque
100%
1988: 1 Bruins Ray Bourque
100%
1987: 1 Bruins Ray Bourque
100%
1986: 4 Bruins Ray Bourque
100%
1985: 2 Bruins Ray Bourque
100%
1984: 3 Bruins Ray Bourque
100%
1983: 3 Bruins Ray Bourque
100%
1982: 2 Bruins Ray Bourque
100%
1981: 4 Bruins Ray Bourque
100%
1980: 4 Bruins Ray Bourque
100%
1998: 5 Devils Scott Niedermayer
89%
1998: 4 Devils Scott Stevens
89%
1997: 5 Devils Scott Stevens
89%
1994: 2 Devils Scott Stevens
89%
1992: 4 Devils Scott Stevens
89%
1988: 2 Capitals Scott Stevens
89%
1985: 5 Capitals Scott Stevens
89%
1999: 1 Blues Al MacInnis
78%
1994: 3 Flames Al MacInnis
78%
1991: 2 Flames Al MacInnis
78%
1990: 2 Flames Al MacInnis
78%
1989: 3 Flames Al MacInnis
78%
1957: 2 Red Wings Red Kelly
78%
1956: 3 Red Wings Red Kelly
78%
1955: 2 Red Wings Red Kelly
78%
1954: 1 Red Wings Red Kelly
78%
1998: 1 Kings Rob Blake
78%
1997: 4 Blackhawks Chris Chelios
67%
1996: 1 Blackhawks Chris Chelios
67%
1995: 2 Blackhawks Chris Chelios
67%
1993: 1 Blackhawks Chris Chelios
67%
1991: 3 Blackhawks Chris Chelios
67%
1989: 1 Canadiens Chris Chelios
67%
1999: 4 Blues Chris Pronger
67%
1998: 3 Blues Chris Pronger
67%
1984: 4 Islanders Denis Potvin
67%
1981: 2 Islanders Denis Potvin
67%
1979: 1 Islanders Denis Potvin
67%
1978: 1 Islanders Denis Potvin
67%
1977: 3 Islanders Denis Potvin
67%
1976: 1 Islanders Denis Potvin
67%
1975: 2 Islanders Denis Potvin
67%
1995: 4 Penguins Larry Murphy
67%
1993: 3 Penguins Larry Murphy
67%
1992: 5 Penguins Larry Murphy
67%
1987: 3 Capitals Larry Murphy
67%
1987: 4 Canadiens Larry Robinson
67%
1986: 3 Canadiens Larry Robinson
67%
1982: 5 Canadiens Larry Robinson
67%
1981: 3 Canadiens Larry Robinson
67%
1980: 1 Canadiens Larry Robinson
67%
1979: 2 Canadiens Larry Robinson
67%
1978: 3 Canadiens Larry Robinson
67%
1977: 1 Canadiens Larry Robinson
67%
1980: 2 Maple Leafs Börje Salming
56%
1979: 3 Maple Leafs Börje Salming
56%
1978: 4 Maple Leafs Börje Salming
56%
1977: 2 Maple Leafs Börje Salming
56%
1976: 3 Maple Leafs Börje Salming
56%
1975: 4 Maple Leafs Börje Salming
56%
1974: 5 Maple Leafs Börje Salming
56%
1978: 2 Bruins Brad Park
56%
1976: 2 Rangers/Bruins Brad Park
56%
1974: 2 Rangers Brad Park
56%
1973: 3 Rangers Brad Park
56%
1972: 2 Rangers Brad Park
56%
1971: 2 Rangers Brad Park
56%
1970: 2 Rangers Brad Park
56%
1962: 1 Rangers Doug Harvey
56%
1961: 1 Canadiens Doug Harvey
56%
1960: 1 Canadiens Doug Harvey
56%
1959: 4 Canadiens Doug Harvey
56%
1958: 1 Canadiens Doug Harvey
56%
1957: 1 Canadiens Doug Harvey
56%
1956: 1 Canadiens Doug Harvey
56%
1955: 1 Canadiens Doug Harvey
56%
1954: 2 Canadiens Doug Harvey
56%
1979: 4 Canadiens Serge Savard
56%
1977: 5 Canadiens Serge Savard
56%
1976: 5 Canadiens Serge Savard
56%
1975: 5 Canadiens Serge Savard
56%
1969: 2 Maple Leafs Tim Horton
56%
1968: 3 Maple Leafs Tim Horton
56%
1967: 4 Maple Leafs Tim Horton
56%
1965: 4 Maple Leafs Tim Horton
56%
1964: 2 Maple Leafs Tim Horton
56%
1963: 3 Maple Leafs Tim Horton
56%
1999: 5 Flyers Éric Desjardins
44%
1979: 5 Canadiens Guy Lapointe
44%
1978: 5 Canadiens Guy Lapointe
44%
1977: 4 Canadiens Guy Lapointe
44%
1976: 4 Canadiens Guy Lapointe
44%
1975: 3 Canadiens Guy Lapointe
44%
1973: 2 Canadiens Guy Lapointe
44%
1988: 5 Oilers Kevin Lowe
44%
1987: 2 Flyers Mark Howe
44%
1986: 2 Flyers Mark Howe
44%
1983: 2 Flyers Mark Howe
44%
1980: 5 Whalers Mark Howe
44%
1993: 5 Jets Phil Housley
44%
1992: 3 Jets Phil Housley
44%
1990: 5 Sabres Phil Housley
44%
1984: 5 Sabres Phil Housley
44%
1986: 5 Capitals Rod Langway
44%
1985: 3 Capitals Rod Langway
44%
1984: 1 Capitals Rod Langway
44%
1983: 1 Capitals Rod Langway
44%
1981: 5 Canadiens Rod Langway
44%
1990: 3 Blackhawks Doug Wilson
33%
1985: 4 Blackhawks Doug Wilson
33%
1983: 4 Blackhawks Doug Wilson
33%
1982: 1 Blackhawks Doug Wilson
33%
1988: 3 Flames Gary Suter
33%
1993: 4 Capitals Kevin Hatcher
33%
1967: 2 Blackhawks Pierre Pilote
33%
1966: 2 Blackhawks Pierre Pilote
33%
1965: 1 Blackhawks Pierre Pilote
33%
1964: 1 Blackhawks Pierre Pilote
33%
1963: 1 Blackhawks Pierre Pilote
33%
1962: 2 Blackhawks Pierre Pilote
33%
1961: 4 Blackhawks Pierre Pilote
33%
1960: 4 Blackhawks Pierre Pilote
33%
1981: 1 Penguins Randy Carlyle
33%
1994: 4 Rangers Sergei Zubov
33%
1997: 2 Red Wings Vladimir Konstantinov
33%
1996: 4 Red Wings Vladimir Konstantinov
33%
1973: 5 Canadiens Jacques Laperrière
22%
1970: 4 Canadiens Jacques Laperrière
22%
1968: 5 Canadiens Jacques Laperrière
22%
1966: 1 Canadiens Jacques Laperrière
22%
1965: 2 Canadiens Jacques Laperrière
22%
1964: 4 Canadiens Jacques Laperrière
22%
1972: 5 Canadiens J.C. Tremblay
22%
1971: 3 Canadiens J.C. Tremblay
22%
1968: 2 Canadiens J.C. Tremblay
22%
1967: 5 Canadiens J.C. Tremblay
22%
1966: 4 Canadiens J.C. Tremblay
22%
1960: 5 Canadiens Tom Johnson
22%
1959: 1 Canadiens Tom Johnson
22%
1956: 4 Canadiens Tom Johnson
22%
1974: 3 Blackhawks Bill White
11%
1973: 4 Blackhawks Bill White
11%
1972: 3 Blackhawks Bill White
11%
1982: 4 Stars Craig Hartsburg
11%
1967: 1 Rangers Harry Howell
11%
1964: 5 Rangers Harry Howell
11%
1971: 5 Blackhawks Keith Magnuson
11%
1965: 5 Red Wings Marcel Pronovost
11%
1961: 2 Red Wings Marcel Pronovost
11%
1960: 3 Red Wings Marcel Pronovost
11%
1959: 3 Red Wings Marcel Pronovost
11%
1958: 5 Red Wings Marcel Pronovost
11%
1964: 3 Blackhawks Moose Vasko
11%
1963: 4 Blackhawks Moose Vasko
11%
1997: 3 Avalanche Sandis Ozoliņš
11%
1995: 5 Blues Steve Duchesne
11%
1989: 5 Kings Steve Duchesne
11%
1969: 5 Blues Al Arbour
0%
1961: 3 Maple Leafs Allan Stanley
0%
1960: 2 Maple Leafs Allan Stanley
0%
1974: 4 Flyers Barry Ashbee
0%
1965: 3 Red Wings Bill Gadsby
0%
1963: 5 Red Wings Bill Gadsby
0%
1959: 2 Rangers Bill Gadsby
0%
1958: 2 Rangers Bill Gadsby
0%
1957: 4 Rangers Bill Gadsby
0%
1956: 2 Rangers Bill Gadsby
0%
1971: 5 Red Wings/Maple Leafs Bob Baun
0%
1955: 4 Red Wings Bob Goldham
0%
1988: 4 Flames Brad McCrimmon
0%
1970: 3 Red Wings Carl Brewer
0%
1963: 2 Maple Leafs Carl Brewer
0%
1962: 4 Maple Leafs Carl Brewer
0%
1966: 5 Red Wings Doug Barkley
0%
1957: 5 Bruins Doug Mohns
0%
1959: 5 Bruins Fern Flaman
0%
1958: 3 Bruins Fern Flaman
0%
1957: 3 Bruins Fern Flaman
0%
1956: 5 Bruins Fern Flaman
0%
1955: 3 Bruins Fern Flaman
0%
1955: 5 Maple Leafs Hugh Bolton
0%
1962: 3 Canadiens Jean-Guy Talbot
0%
1970: 5 Rangers Jim Neilson
0%
1968: 4 Rangers Jim Neilson
0%
1980: 3 Sabres Jim Schoenfeld
0%
1961: 5 Bruins Leo Boivin
0%
1972: 4 Blackhawks Pat Stapleton
0%
1971: 4 Blackhawks Pat Stapleton
0%
1966: 3 Blackhawks Pat Stapleton
0%
1958: 4 Maple Leafs Ron Stewart
0%
1969: 3 Bruins Ted Green
0%
1969: 4 Canadiens Ted Harris
0%
1964: 5 Canadiens Terry Harper
0%
No matching quizzes found
Score Distribution
Percent of People with Each Score
Percentile by Number Answered
Your Score History
You have not taken this quiz